|
|
|
|
| LEADER |
00000nkm a22000005a 4500 |
| 001 |
vtls010650989 |
| 003 |
SK-MaSNL |
| 005 |
20260301180652.0 |
| 008 |
231206s1969 xo 000 klslo |
| 040 |
|
|
|a SNK
|b slo
|c SNK
|e AACR
|
| 041 |
0 |
|
|a slo
|
| 044 |
|
|
|a xo
|c SK
|
| 245 |
1 |
0 |
|a Vysoké Tatry
|h grafika
|b Mengusovská dolina, Horský hotel pri Popradskom plese (1494 m)
|c foto: L. Rozman
|
| 260 |
|
|
|a Bratislava
|b Vydavateľstvo politickej literatúry
|c [1969]
|
| 300 |
|
|
|a 1 pohľadnica
|c 11x 15 cm
|
| 655 |
|
7 |
|a geografické pohľadnice
|2 SNK
|9 70522
|
| 958 |
|
|
|a GC
|
| 958 |
|
|
|a GBN
|
| 958 |
|
|
|a OND
|
| 999 |
|
|
|c 847168
|d 849098
|
| 952 |
|
|
|a SNK
|b SNK
|y PREZ
|7 0
|p 17A1122013
|o snkSP 61001 D1
|i snk2015/3064
|8 3
|g 0.50
|0 0
|1 0
|4 0
|d 2015-01-30
|l 0
|r 2026-02-24 04:30:49
|w 2026-02-24
|